Králíkův průvodce po Praze /

Hlavní autor: Mihálik, Sara
Další autoři: Suchá, Sarah, Mihálik, Jakub
Jazyk: Čeština
Vydáno: Praha : Lizard Ranch, s.r.o., 2015
Vydání: První vydání
Témata:
Fyzický popis: 54 nečíslovaných stran : barevné ilustrace, plány ; 27 cm
Knihy
Uloženo v:
LEADER 02137nam a2200577 i 4500
001 nkc20152751430
003 CZ PrNK
005 20160307183309.0
007 ta
008 151106s2015 xr ae c f 000 0 cze
015 |a cnb002751430 
020 |a 978-80-87932-01-8  |q (vázáno) 
035 |a (OCoLC)944217597 
040 |a OLA001  |b cze  |d ABA001  |e rda 
041 1 |a cze  |h eng 
043 |a e-xr---  |b e-xr-pg  |2 czenas 
072 7 |a 913(437)  |x Geografie Česka a Slovenska, reálie, cestování  |2 Konspekt  |9 7 
072 7 |a 0/9-053.2  |x Literatura pro děti a mládež (naučná)  |2 Konspekt  |9 26 
080 |a 72:904  |2 MRF 
080 |a 908(437.311)  |2 MRF 
080 |a (036)  |2 MRF 
080 |a (084.11)  |2 MRF 
080 |a (0.053.2)  |2 MRF 
100 1 |a Mihálik, Sara  |7 mzk2014810311  |4 aut 
240 1 0 |a Rabbit's guide to Prague.  |l Česky 
245 1 0 |a Králíkův průvodce po Praze /  |c Sara Mihálik a Sarah Suchá ; přeložil Jakub Mihálik 
250 |a První vydání 
264 1 |a Praha :  |b Lizard Ranch, s.r.o.,  |c 2015 
300 |a 54 nečíslovaných stran :  |b barevné ilustrace, plány ;  |c 27 cm 
336 |a text  |b txt  |2 rdacontent 
336 |a statický obraz  |b sti  |2 rdacontent 
337 |a bez média  |b n  |2 rdamedia 
338 |a svazek  |b nc  |2 rdacarrier 
500 |a Přeloženo z angličtiny 
650 0 7 |a architektonické památky  |7 ph118585  |z Česko  |2 czenas 
650 0 9 |a architectural monuments  |z Czechia  |2 eczenas 
651 7 |a Praha (Česko)  |7 ge118011  |x vlastivěda  |2 czenas 
651 9 |a Prague (Czechia)  |x history and geography  |2 eczenas 
655 7 |a průvodce  |7 fd133154  |2 czenas 
655 7 |a obrazové publikace  |7 fd132947  |2 czenas 
655 7 |a publikace pro děti  |7 fd133156  |2 czenas 
655 9 |a guidebooks  |2 eczenas 
655 9 |a pictorial works  |2 eczenas 
655 9 |a children's literature  |2 eczenas 
700 1 |a Suchá, Sarah  |7 mzk2014810312  |4 aut 
700 1 |a Mihálik, Jakub  |7 hka2015887139  |4 trl 
910 2 |a BOA001  |b 3-1358.947 
990 |a BK 
995 |a 01 
991 |b 201602  |c NOV 
996 6 |b 2610655949  |c 3-1358.947  |l MZK  |r Sklad / do 1 hodiny  |n 0  |p p.v.  |w 001539417  |u 000010  |a 1  |e BOA001  |j MZK50  |s P